Single By Choice: (Record no. 166880)

MARC details
000 -LEADER
fixed length control field 00535nam a22001697a 4500
010 ## - LCCN (DPL NO)
LC control number ENG-126160
020 ## - INTERNATIONAL STANDARD BOOK NUMBER
International Standard Book Number 978-93-85606-22-9
Terms of availability 275.00
035 ## - SYSTEM CONTROL NUMBER
System control number EN-109692
037 ## - SOURCE OF ACQUISITION
Source of stock number/acquisition DBAD/PUB
082 ## - DEWEY DECIMAL CLASSIFICATION NUMBER
Classification number 303.4
245 ## - TITLE STATEMENT
Title Single By Choice:
Statement of responsibility, etc edited by Kalpana Sharma
Remainder of title Happily unmarried Women/
260 ## - PUBLICATION, DISTRIBUTION, ETC. (IMPRINT)
Place of publication, distribution, etc New Delhi
Name of publisher, distributor, etc Women Unlimited
Date of publication, distribution, etc 2019
270 ## - ADDRESS
Address 7/10,First Floor, Sarvapriya Vihar
City New Delhi
Postal code 110016
300 ## - PHYSICAL DESCRIPTION
Extent vi151p.
Dimensions 22cm(pbk)
Other physical details ill
700 ## - ADDED ENTRY--PERSONAL NAME
Personal name Kalpana Sharma
942 ## - ADDED ENTRY ELEMENTS (KOHA)
Source of classification or shelving scheme Dewey Decimal Classification
Item type English Books
Classification part 303.4
Call number suffix SIN
Holdings
Withdrawn status Lost status Not for loan Collection code Home library Current library Date acquired Source of acquisition Cost, normal purchase price Full call number Barcode Copy number Cost, replacement price Koha item type
      Non-fiction Shahdara Branch Shahdara Branch 13/08/2019 DBAD/PUB 275.00 303.4 SIN EN-109692 1 275.00 English Books

© Delhi Public Library
Hit Counter
free hit counter